Обзоры по клинической фармакологии и лекарственной терапии. Т. 18, вып. 3 (Запись № 11834594)

Подробности
000 -МАРКЕР
контрольное поле 00982nam2a2200205 4500
001 - ИДЕНТИФИКАТОР ЗАПИСИ
контрольное поле RU\NLR\PER_A\002581694_001160
005 - ИДЕНТИФИКАТОР ВЕРСИИ
контрольное поле 20250624031654.0
035 ## - ДРУГИЕ СИСТЕМНЫЕ НОМЕРА
Идентификатор записи (NLR Aleph) 012422560
100 ## - ДАННЫЕ ОБЩЕЙ ОБРАБОТКИ
Данные общей обработки 20201217d2020 |||y0rusy50 ca
101 0# - ЯЗЫК РЕСУРСА
Язык текста, звукозаписи и т.д. русский
102 ## - СТРАНА ПУБЛИКАЦИИ ИЛИ ПРОИЗВОДСТВА
Страна публикации Российская Федерация
200 0# - ЗАГЛАВИЕ И СВЕДЕНИЯ ОБ ОТВЕТСТВЕННОСТИ
Основное заглавие Т. 18, вып. 3
210 ## - ПУБЛИКАЦИЯ, РАСПРОСТРАНЕНИЕ И ДР.
Дата издания, распространения и т.д. 2020
Место издания, распространения и т.д. Б. м.
461 #0 - УРОВЕНЬ НАБОРА
Встроенное поле 001RU\NLR\INFOCOMM19\1000081161
-- 2001#$aОбзоры по клинической фармакологии и лекарственной терапии$eРецензируемый науч.-практ. журн.$eЕжекв. изд.$vТ. 18, вып. 3
Системный номер (АБИС) связанной записи 3281389
Место публикации СПб.
Дата публикации 2002 -
Имя издателя, распространителя и т.д. Изд-во Н-Л
Сведения, относящиеся к заглавию Рецензируемый науч.-практ. журн. : Ежекв. изд.
Заглавие Обзоры по клинической фармакологии и лекарственной терапии
ISSN 1683-4100
Номер тома Т. 18, вып. 3
852 ## - МЕСТОНАХОЖДЕНИЕ И ШИФР ХРАНЕНИЯ
Идентификатор организации NLR
Шифр хранения (Call Number) П17/877
942 ## - ДОПОЛНИТЕЛЬНЫЕ ЭЛЕМЕНТЫ ЗАПИСИ (АБИС)
Тип экземпляра АБИС Выпуск
980 ## - КОЛЛЕКЦИЯ
Название коллекции Национальная библиография
980 ## - КОЛЛЕКЦИЯ
Название коллекции Русская периодика

Нет доступных экземпляров.